| 000 | 02715nam0a2200349 4500 | ||
|---|---|---|---|
| 001 | RU\NLR\BIBL_A\012872075 | ||
| 005 | 20221228165027.0 | ||
| 021 |
_aRU _bКН-П-22-040484 _9КН-П-22-3496 |
||
| 035 | _a(NLR Aleph) 012872075 | ||
| 035 | _a(RuMoRGB)011120681 | ||
| 090 |
_a12492241 _c12492241 |
||
| 100 | _a20220822d2022 u y0rusy50 ca | ||
| 101 | 0 | _arus | |
| 102 | _aRU | ||
| 105 | _ay|||||||||||| | ||
| 181 | 0 |
_ai _baxxe |
|
| 182 | 0 | _an | |
| 200 | 1 |
_aСверхбыстродействующие сигнальные процессоры для цифровой обработки оптических сигналов _eучебное пособие _eдля студентов, обучающихся по направлению подготовки 11.04.02 "Инфокоммуникационные технологии и системы связи" всех форм обучения _fА. С. Дюбов _gМинистерство цифрового развития, связи и массовых коммуникаций Российской Федерации, Федеральное государственное бюджетное образовательное учреждение высшего образования "Санкт-Петербургский государственный университет телекоммуникаций имени М. А. Бонч-Бруевича" (СПбГУТ) |
|
| 203 |
_aТекст _bвизуальный _cнепосредственный |
||
| 210 |
_aСанкт-Петербург _cСПбГУТ _d2022 |
||
| 215 |
_a47 с. _cил. _d22 |
||
| 320 | _aБиблиогр.: с. 47 (10 назв.) | ||
| 330 | _aПриводятся сведения о сверхбыстродействующих сигнальных процессорах и их применении в когерентных оптических системах связи. Предназначено для студентов, обучающихся по направлению подготовки 11.04.02 "Инфокоммуникационные технологии и системы связи" всех форм обучения | ||
| 606 | 1 |
_aМикропроцессоры сигнальные _xПрименение в оптической связи _jУчебные издания для высших учебных заведений _2nlr_sh2 _3RU\NLR\AUTH\6601712895 |
|
| 675 |
_a621.391.037.37(075.8) _v4 |
||
| 686 |
_a32.811.3я73 _2rubbks |
||
| 686 | 1 | _aЗ862-5я73-1 | |
| 700 | 1 |
_aДюбов _bА. С. _gАндрей Сергеевич |
|
| 942 | _cBOOK | ||
| 980 | _aNB | ||